|
|
|
|
| LEADER |
01039cam a2200289 7i4500 |
| 001 |
0000029694 |
| 005 |
20240312090000.0 |
| 008 |
240312s1993 my # ### #00001may## |
| 020 |
# |
# |
|a 9789837200258
|
| 020 |
# |
# |
|a 9837200251
|
| 040 |
# |
# |
|a UMT
|b eng
|c UMT
|d Malcat
|e rda
|
| 041 |
# |
# |
|a mayeng
|
| 090 |
0 |
0 |
|a PE 1131
|b .I2 1993
|
| 100 |
0 |
# |
|a Ibrahim Ismail
|e author
|
| 245 |
1 |
0 |
|a Belajar bahasa Inggeris cepat dan mudah
|c Ibrahim Ismail.
|
| 264 |
# |
1 |
|a Petaling Jaya, Selangor:
|b Golden Books Centre Sdn. Bhd.,
|c [1993]
|
| 300 |
# |
# |
|a 139 pages;
|c 19 cm
|
| 336 |
# |
# |
|a text --
|2 rdacontent
|
| 337 |
# |
# |
|a unmediated --
|2 rdamedia
|
| 338 |
# |
# |
|a volume --
|2 rdacarrier
|
| 490 |
1 |
# |
|a Golden's language series
|
| 590 |
# |
# |
|a Perpustakaan Sultanah Nur Zahirah
|
| 650 |
0 |
0 |
|a Malay language --
|x Conversation and phrase books
|
| 650 |
0 |
0 |
|a English language --
|x Conversation and phrase books
|
| 830 |
# |
0 |
|a Golden's language series
|
| 999 |
|
|
|a 1100013827
|b Book
|c Open Shelf
|e KOLEKSI TERBUKA
|
| 999 |
|
|
|a 1100092965
|b Book
|c Open Shelf
|e KOLEKSI TERBUKA
|